Performance optimization of digital communications systems (Record no. 8173)

000 -LEADER
fixed length control field 00727 a2200193 4500
020 ## - INTERNATIONAL STANDARD BOOK NUMBER
International Standard Book Number 0849368960
035 ## - SYSTEM CONTROL NUMBER
System control number (OCoLC)ocm62430948
040 ## - CATALOGING SOURCE
Original cataloging agency DLC
Language of cataloging DLC
082 00 - DEWEY DECIMAL CLASSIFICATION NUMBER
Classification number 621.382
100 1# - MAIN ENTRY--PERSONAL NAME
Personal name Mitlin, Vladimir S.
245 10 - TITLE STATEMENT
Title Performance optimization of digital communications systems
Statement of responsibility, etc. Vladimir Mitlin.
260 ## - PUBLICATION, DISTRIBUTION, ETC.
Place of publication, distribution, etc. Boca Raton :
Name of publisher, distributor, etc. Auerbach Publications,
Date of publication, distribution, etc. 2006.
300 ## - PHYSICAL DESCRIPTION
Extent xi, 208 p. :
Other physical details ill. ;
Dimensions 25 cm.
650 #0 - SUBJECT ADDED ENTRY--TOPICAL TERM
Topical term or geographic name entry element Digital communications.
650 #0 - SUBJECT ADDED ENTRY--TOPICAL TERM
Topical term or geographic name entry element Network performance (Telecommunication)
856 41 - ELECTRONIC LOCATION AND ACCESS
Materials specified Table of contents only
Uniform Resource Identifier <a href="http://www.loc.gov/catdir/toc/fy0613/2005057244.html">http://www.loc.gov/catdir/toc/fy0613/2005057244.html</a>
856 41 - ELECTRONIC LOCATION AND ACCESS
Materials specified Publisher description
Uniform Resource Identifier <a href="http://www.loc.gov/catdir/enhancements/fy0653/2005057244-d.html">http://www.loc.gov/catdir/enhancements/fy0653/2005057244-d.html</a>
942 ## - ADDED ENTRY ELEMENTS (KOHA)
Koha item type Book
Call number prefix 621.382 MIT
Source of classification or shelving scheme
Holdings
Withdrawn status Lost status Damaged status Not for loan Collection code Permanent Location Current Location Shelving location Date acquired Source of acquisition Cost, normal purchase price Total Checkouts Full call number Barcode Date last seen Price effective from Koha item type
          Central Library (CL) Central Library (CL) General Stacks 11/22/2006 A&J DEF Tek Consultant 6970.44   621.382 MIT SEECS007787 11/14/2012 01/05/2017 Book
          Central Library (CL) Central Library (CL) General Stacks 11/22/2006 A&J DEF Tek Consultant 6970.44   621.382 MIT SEECS007786 11/14/2012 01/05/2017 Book
© 2023 Central Library, National University of Sciences and Technology. All Rights Reserved.